[Event "Campinas Oficina do Estudante 21st LCX"]
[Site "Campinas"]
[Date "2010.10.24"]
[Round "13"]
[White "Travessa, Diobel Gomes"]
[Black "Cardozo, Matheus Santos"]
[Result "0-1"]
[WhiteElo "1566"]
[BlackElo "1666"]
[PlyCount "78"]
[EventDate "2010.10.09"]
[EventType "tourn"]
[EventRounds "13"]
[EventCountry "BRA"]
[SourceTitle "EXT 2022"]
[Source "ChessBase"]
[SourceDate "2021.10.06"]
[SourceVersion "1"]
[SourceVersionDate "2021.10.06"]
[SourceQuality "1"]

1. d4 Nf6 2. c4 g6 3. Nc3 Bg7 4. e4 d6 5. f3 0-0 6. Be3 c6 7. Bd3 a6 8. Nge2 b5 9. 0-0 bxc4 10. Bxc4 d5 11. Bb3 dxe4 12. fxe4 Ng4 13. Bf4 e5 14. dxe5 Qb6+ 15. Qd4 Qxd4+ 16. Nxd4 Nxe5 17. Bg3 Bg4 18. h3 Nd3 19. Nc2 Nxb2 20. hxg4 Bxc3 21. Bd6 Nd7 22. Bxf8 Rxf8 23. Rac1 Ne5 24. Ne1 Bd4+ 25. Kh1 c5 26. Nf3 Nbd3 27. Rc2 Be3 28. Bc4 Nxc4 29. Rxc4 Nf2+ 30. Kh2 Nxg4+ 31. Kg3 h5 32. Rc3 g5 33. Nh2 Bf4+ 34. Rxf4 gxf4+ 35. Kh3 Nf2+ 36. Kh4 Nxe4 37. Rc4 f5 38. Nf3 Rd8 39. Kxh5 Kg7 0-1

[Event "Campinas Oficina do Estudante 21st LCX"]
[Site "Campinas"]
[Date "2010.10.17"]
[Round "8"]
[White "Travessa, Diobel Gomes"]
[Black "Faria, Marcio Roberto"]
[Result "0-1"]
[WhiteElo "1819"]
[BlackElo "1956"]
[PlyCount "46"]
[EventDate "2010.10.09"]
[EventType "tourn"]
[EventRounds "13"]
[EventCountry "BRA"]
[SourceTitle "EXT 2022"]
[Source "ChessBase"]
[SourceDate "2021.10.06"]
[SourceVersion "1"]
[SourceVersionDate "2021.10.06"]
[SourceQuality "1"]

1. e4 c5 2. Nf3 g6 3. d4 cxd4 4. Nxd4 Nc6 5. Nc3 d6 6. Bc4 Bg7 7. Be3 Nf6 8. f3 0-0 9. Qd2 Bd7 10. 0-0-0 Rc8 11. h4 Nxd4 12. Qxd4 Ng4 13. Qd2 Nxe3 14. Bxf7+ Rxf7 15. Qxe3 Bxc3 16. bxc3 Qa5 17. Rd3 Bb5 18. Rd5 Rxc3 19. Qd2 Qa3+ 20. Kb1 Bc4 21. Rd4 Bxa2+ 22. Ka1 Bb3+ 23. Kb1 Qa2+ 0-1

[Event "Campinas Oficina do Estudante 21st LCX"]
[Site "Campinas"]
[Date "2010.10.12"]
[Round "4"]
[White "Travessa, Diobel Gomes"]
[Black "Mecking, Henrique"]
[Result "0-1"]
[WhiteElo "1566"]
[BlackElo "2548"]
[PlyCount "24"]
[EventDate "2010.10.09"]
[EventType "tourn"]
[EventRounds "13"]
[EventCountry "BRA"]
[SourceTitle "EXT 2022"]
[Source "ChessBase"]
[SourceDate "2021.10.06"]
[SourceVersion "1"]
[SourceVersionDate "2021.10.06"]
[SourceQuality "1"]

1. d4 d5 2. Nf3 Nf6 3. c4 g6 4. Nc3 Bg7 5. e3 0-0 6. Bd3 c6 7. cxd5 cxd5 8. Bd2 Nc6 9. Qc2 Bg4 10. Ne5 Nxe5 11. dxe5 Nd7 12. 0-0 Bxe5 0-1

[Event "Itu LCX 20th"]
[Site "Itu"]
[Date "2010.08.19"]
[Round "8"]
[White "Travessa, Diobel Gomes"]
[Black "Goncalves, Marcus Vinicius M"]
[Result "0-1"]
[WhiteElo "1819"]
[BlackElo "1856"]
[PlyCount "42"]
[EventDate "2010.08.14"]
[EventType "tourn"]
[EventRounds "13"]
[EventCountry "BRA"]
[SourceTitle "EXT 2022"]
[Source "ChessBase"]
[SourceDate "2021.10.06"]
[SourceVersion "1"]
[SourceVersionDate "2021.10.06"]
[SourceQuality "1"]

1. e4 e6 2. Nf3 d5 3. Nc3 c5 4. d4 cxd4 5. Nxd4 Nf6 6. Bb5+ Bd7 7. e5 Ne4 8. 0-0 Nxc3 9. bxc3 Bc5 10. a4 0-0 11. Nb3 Bb6 12. Re1 Bxb5 13. axb5 Qc7 14. Bb2 Nd7 15. Ra4 Nxe5 16. Rh4 Ng6 17. Rg4 f5 18. Rg3 Rae8 19. h3 Qxg3 20. Nd4 Bxd4 21. Qxd4 Qf4 0-1

[Event "Itu LCX 20th"]
[Site "Itu"]
[Date "2010.08.17"]
[Round "6"]
[White "Oliveira, Silvio Eduardo"]
[Black "Travessa, Diobel Gomes"]
[Result "1-0"]
[WhiteElo "2368"]
[BlackElo "1819"]
[PlyCount "37"]
[EventDate "2010.08.14"]
[EventType "tourn"]
[EventRounds "13"]
[EventCountry "BRA"]
[SourceTitle "EXT 2022"]
[Source "ChessBase"]
[SourceDate "2021.10.06"]
[SourceVersion "1"]
[SourceVersionDate "2021.10.06"]
[SourceQuality "1"]

1. e4 c5 2. Nf3 d6 3. d4 cxd4 4. Nxd4 Nf6 5. Nc3 e5 6. Bb5+ Bd7 7. Bxd7+ Nbxd7 8. Nf5 Nb6 9. Bg5 h6 10. Bxf6 Qxf6 11. Nd5 Nxd5 12. Qxd5 Rb8 13. Qb5+ Kd8 14. 0-0 a6 15. Qb6+ Kd7 16. Rad1 Qd8 17. Rxd6+ Bxd6 18. Qxd6+ Kc8 19. Ne7+ 1-0

[Event "Itu LCX 19th"]
[Site "Itu"]
[Date "2010.05.20"]
[Round "6"]
[White "Faria, Marcio Roberto"]
[Black "Travessa, Diobel Gomes"]
[Result "0-1"]
[WhiteElo "1765"]
[BlackElo "1651"]
[PlyCount "29"]
[EventDate "2010.05.15"]
[EventType "tourn"]
[EventRounds "11"]
[EventCountry "BRA"]
[SourceTitle "EXT 2022"]
[Source "ChessBase"]
[SourceDate "2021.10.06"]
[SourceVersion "1"]
[SourceVersionDate "2021.10.06"]
[SourceQuality "1"]

1. e4 c5 2. f4 Nc6 3. Nf3 g6 4. Nc3 Bg7 5. Be2 d6 6. 0-0 e6 7. b3 Nge7 8. Bb2 0-0 9. d3 f6 10. Qd2 Rb8 11. h3 b5 12. g4 b4 13. Nd1 d5 14. e5 fxe5 15. Nxe5 0-1